000 00429 a2200157 4500
999 _c10517
_d10517
020 _a978 1 108 73305 2
050 _aKZ3275 SHA 2021
100 _aShaw , Malcolm.N
_eauthor
245 _aInternational law /
_c Malcolm N Shaw
250 _a9th
264 _a Cambridge :
_bCambridge University Press,
_c2021
300 _a1213p. :
500 _aincludes index
650 _ainternational law
942 _2lcc
_cBK
_h3275
_iSHA
_kKZ